| 000 | 01375cam a2200349 4500 | ||
|---|---|---|---|
| 008 | 020722n2003 000 0 eng u | ||
| 020 | _a0750651504 | ||
| 035 | _a(Sirsi) u118968 | ||
| 041 | _aeng. | ||
| 050 |
_a658.2 _c18 |
||
| 100 |
_aBest, Rick _xEditor |
||
| 245 | _aWorkplace strategies and facilities management | ||
| 260 |
_aOxford _bButterworth-Heinemann _c2003 |
||
| 300 |
_axxii, 410p. _bill. _c25cm. |
||
| 350 | _a35 | ||
| 490 | _aBuilding in Value | ||
| 520 | _aLooks at the issues facilities managers in the property industry need to understand and apply in the pursuit of value for money over the life span of a building. It emphasises the need to consider facilities management issues at the pre-design stage of the construction process. Also examines the core competencies that facilities managers should possess. | ||
| 650 | _aSPACE MANAGEMENT | ||
| 650 | _aMANAGEMENT-BUSINESS MANAGEMENT-INFORMATION MANAGEMENT | ||
| 650 | _aRISK MANAGEMENT | ||
| 650 | _aHUMAN RESOURCE MANAGEMENT | ||
| 650 | _aFINANCIAL MANAGEMENT | ||
| 650 | _aMANAGEMENT-PROJECT MANAGEMENT | ||
| 650 | _aASSET MANAGEMENT | ||
| 650 | _aQUALITY MANAGEMENT | ||
| 650 |
_aSustainability _96271 |
||
| 650 | _aOUTSOURCING | ||
| 690 | _aMANAGEMENT-FACILITIES MANAGEMENT | ||
| 700 |
_aLangston, Craig _xEditor |
||
| 700 |
_ade Valence, Gerard _xEditor |
||
| 942 | _n0 | ||
| 999 |
_c102226 _d102226 |
||